Statistics for Tour de France Winners

Click here to take the quiz!

General Stats

  • This quiz has been taken 25 times
    (5 since last reset)
  • The average score is 43 of 103

Answer Stats

YearCountryCyclist% Correct
2007 | 2009SpainAlberto Contador
100%
2010LuxembourgAndy Schleck
100%
2013 | 2015 | 2016 | 2017UKChris Froome
100%
1969 | 1970 | 1971 | +2 othersBelgiumEddy Merckx
100%
2022 | 2023DenmarkJonas Vingegaard
100%
2020 | 2021SloveniaTadej Pogačar
100%
1978 | 1979 | 1981 | +2 othersFranceBernard Hinault
80%
2019ColombiaEgan Bernal
80%
2018UKGeraint Thomas
80%
1986 | 1989 | 1990USAGreg LeMond
80%
1997GermanyJan Ulrich
80%
1998ItalyMarco Pantani
80%
1991 | 1992 | 1993 | +2 othersSpainMiguel Indurain
80%
2012UKBradley Wiggins
60%
2011AustraliaCadel Evans
60%
2008SpainCarlos Sastre
60%
1987IrelandStephen Roche
60%
2014ItalyVincenzo Nibali
60%
1996DenmarkBjarne Riis
40%
1959SpainFederico Bahamontes
40%
1957 | 1961 | 1962 | +2 othersFranceJacques Anquetil
40%
1983 | 1984FranceLaurent Fignon
40%
1953 | 1954 | 1955FranceLouison Bobet
40%
1973SpainLuis Ocaña
40%
1903FranceMaurice Garin
40%
2006SpainÓscar Pereiro
40%
1988SpainPedro Delgado
40%
1931 | 1934FranceAntonin Magne
20%
1975 | 1977FranceBernard Thévenet
20%
1958LuxembourgCharly Gaul
20%
1949 | 1952ItalyFausto Coppi
20%
1965ItalyFelicio Gimondi
20%
1950SwitzerlandFerdinand Kübler
20%
1960ItalyGastone Nencini
20%
1938 | 1948ItalyGino Bartali
20%
1951SwitzerlandHugo Koblet
20%
1968NetherlandsJan Janssen
20%
1947FranceJean Robic
20%
1980NetherlandsJoop Zoetemelk
20%
1966FranceLucien Aimar
20%
1976BelgiumLucien Van Impe
20%
1967FranceRoger Pingeon
20%
1935BelgiumRomain Maes
20%
1936 | 1939BelgiumSylvère Maes
20%
1930 | 1932FranceAndré Leducq
0%
1919 | 1922BelgiumFirmin Lambot
0%
1909LuxembourgFrançois Faber
0%
1933FranceGeorges Speicher
0%
1911FranceGustave Garrigou
0%
1904FranceHenri Cornet
0%
1923FranceHenri Pélissier
0%
1921BelgiumLéon Scieur
0%
1905FranceLouis Trousselier
0%
1926BelgiumLucien Buysse
0%
1907 | 1908FranceLucien Petit-Breton
0%
1929BelgiumMaurice De Waele
0%
1927 | 1928LuxembourgNicolas Frantz
0%
1910FranceOctave Lapize
0%
1912BelgiumOdile Defraye
0%
1924 | 1925ItalyOttavio Bottecchia
0%
1913 | 1914 | 1920BelgiumPhilippe Thys
0%
1906FranceRené Pottier
0%
1937FranceRoger Lapébie
0%
1956FranceRoger Walkowiak
0%

Score Distribution

Percentile by Number Answered

Percent of People with Each Score

Your Score History

You have not taken this quiz since the last reset